|
|
|
|
| LEADER |
00000nas a22000007a 4500 |
| 001 |
ssj0000697123 |
| 003 |
WaSeSS |
| 005 |
20200512172242.0 |
| 006 |
m d |
| 007 |
cr n |
| 008 |
120301c20109999ctubr p s | a0eng |
| 010 |
|
|
|a 2012200099
|
| 022 |
|
|
|a 2166-2150
|y 2166-2142
|
| 035 |
|
|
|a (WaSeSS)ssj0000697123
|
| 037 |
|
|
|b Asset International, Inc., 1055 Washington Blvd., Suite 400, Stamford, CT
|
| 040 |
|
|
|a DLC
|b eng
|c DLC
|d DLC
|d OCLCF
|d OCLCO
|d VT2
|d OCLCQ
|d CUS
|d WaSeSS
|
| 042 |
|
|
|a nsdp
|a pcc
|
| 050 |
|
4 |
|a HG4621
|
| 082 |
1 |
0 |
|a 332
|2 14
|
| 222 |
|
0 |
|a AiCIO
|b (Online)
|
| 245 |
0 |
0 |
|a AiCIO
|h [electronic resource].
|
| 246 |
1 |
|
|a Ai CIO
|
| 246 |
1 |
|
|a Asset International Chief Investment Officer
|
| 260 |
|
|
|a [Stamford, CT] :
|b Asset International, Inc.
|
| 310 |
|
|
|a Six times a year
|
| 362 |
1 |
|
|a Began with: Vol. 2, no. 3 (Oct. 2010).
|
| 500 |
|
|
|a "For institutional chief investment officers."
|
| 506 |
|
|
|a License restrictions may limit access.
|
| 588 |
|
|
|a Description based on: Vol. 2, no. 3 (Oct. 2010); title from cover image (ai-CIO.com website, viewed Mar. 1, 2012).
|
| 588 |
|
|
|a Latest issue consulted: Vol. 3, no. 2 (2012) (ai-CIO.com website, viewed Mar. 1, 2012).
|
| 650 |
|
0 |
|a Investment advisors
|v Periodicals.
|
| 650 |
|
0 |
|a Institutional investments
|x Management
|v Periodicals.
|
| 650 |
|
7 |
|a Institutional investments
|x Management.
|2 fast
|0 (OCoLC)fst00974306
|
| 650 |
|
7 |
|a Investment advisors.
|2 fast
|0 (OCoLC)fst00978168
|
| 655 |
|
0 |
|a Electronic journals.
|
| 710 |
2 |
|
|a Asset International, Inc.
|
| 776 |
0 |
8 |
|i Print version:
|t AiCIO
|x 2166-2142
|w (DLC) 2012200098
|w (OCoLC)778789097
|
| 780 |
0 |
0 |
|t Ai5000
|x 2166-2215
|w (DLC) 2012200100
|w (OCoLC)746948865
|
| 856 |
4 |
0 |
|z Full text available from Research Library: 02/01/2010 to 02/28/2018
|u https://search.proquest.com/publication/826339
|